| 000 | 00798nam a22002297a 4500 | ||
|---|---|---|---|
| 003 | OSt | ||
| 005 | 20260416121518.0 | ||
| 008 | 260416b |||||||| |||| 00| 0 eng d | ||
| 037 | _cThesis | ||
| 040 |
_aFEDL _beng _cFEDL |
||
| 041 |
_aeng _heng |
||
| 082 | _a370.7 NAY/TH | ||
| 100 |
_aNayagi N, Kothai _91234924 |
||
| 110 | _aUniversity of Delhi. Department of Education | ||
| 245 |
_aIn- depth study of science teaching orientations of pre- service teachers in a teacher education programme/ _cby Kothai Nayagi N; Supervised by Alka Behari. |
||
| 260 |
_aUniversity of Delhi _c2025 |
||
| 300 | _axviii, 192p. | ||
| 650 |
_aEDUCATION TEACHING _91112687 |
||
| 700 | _aBehari, Alka. Supervisor. | ||
| 942 |
_2ddc _cTH _h370.7 NAY/TH _n0 |
||
| 999 |
_c1848276 _d1848276 |
||